000 00397nam a22001337a 4500
082 _a388.11091724
_bDIC
_cD
100 _a Dickey, John W
_938596
245 _aRoad project appraisal for developing countries
260 _aChichester,:
_c1984.
_bJohn Wiley & Sons,
300 _axiv, 279 p. :
_bill. :
_c25cm.
526 _a0
_b0
_c0
_d388_110917240000000_DIC
650 _aMCE
_9379
942 _2ddc
_cBK
999 _c543233
_d543233